All table Tennis shots - Statistics

General Stats
  • This quiz has been taken 24 times
  • The average score is 3 of 14
Answer Stats
Hint Answer % Correct
1 Forehand
76%
2 Backhand
71%
9 Top spin
48%
7 Sidespin
43%
8 Backspin
38%
13 Drop Shot
10%
5 Backhand Flick
5%
14 Lob
5%
4 Backhand Bomba
0%
10 Backhand Chop
0%
11 Forehand Chop
0%
3 Forehand Smash
0%
12 Snake Shot
0%
6 Snake Spin
0%
No matching quizzes found
Score Distribution
Percent of People with Each Score
Percentile by Number Answered
Your Score History
You have not taken this quiz